02082nam a2200301 a 4500001001000000003000900010005001700019007000300036008004100039020001800080040002500098082002600123100004100149245011900190260007800309300002900387500004200416504003100458505089400489590002801383650004901411700004701460910000701507942001401514952010501528952013001633999001701763000039281DO-SdBNP20230208105828.0ta130621s2012 dr a 000 0 spa d a9789945472165 aDO-SdBNPbspacBNPHU 222a532.0078b M519hi1 aMeléndez Valencia, Martín96547610aHidráulica II :bprácticas de laboratorio /cMartín Meléndez Valencia, Juan Ernesto Castellanos Cunillera. aSanto Domingo :bInstituto Tecnológico de Santo Domingo (INTEC),c2012. a100 p. :bils. ;c29 cm. aIncluye notas al pie de las páginas aBibliografía : p. 99-100 aDETERMINACIÓN DE LA ALTURA TOTAL Y CURVAS DE CARACTERÍSTICAS DE UNA BOMBA CENTRÍFUGA 25|Determinación de la altura de elevación total de la bomba 26|Determinación de las curvas características de una bomba centrifuga 31|CONTROL DE NPSH 37|BOMBAS EN SERIE Y EN PARALELO 43|Bombas que operan en serie 44|Bombas que operan en paralelo 46|TURBINA PELTON 49|TEOREMA DE TORRICELLI: FLUJO A TRAVÉS DE UN ORIFICIO 57|Determinación del coeficiente de velocidad desde la trayectoria de un chorro de caída libre 57|Determinación del coeficiente de descarga con una carga de fluido constante 63|FLUJO CARACTERÍSTICO SOBRE UN ALIVIADERO DE UNA PRESA 67|FLUJO A TRAVÉS DE UN SIFÓN 73|Características de flujo a través de un vertedor de Sifón 73|Características de flujo a través de un sifón regulado por aire 75|Flujo característico para una compuerta radial 81 aInventariado, 2023 / DG4 aHidráulicaxManuales de laboratorio9830901 aCastellanos Cunillera, Juan Ernesto965477 aDG 2ddccLBS1 0010718PDaPDbPDcCTd2013-06-21iLF1l0o p39281-10r2020-06-25w2020-06-25yLFPDZNo se presta 00102ddc51708PDaBNPHUbBNPHUcCTd2023-02-08l0oBNPHU PD 532.0078 M519hip2023-0772r2023-02-08te.2w2023-02-08yLBS1 c38771d38771